Rainwater harvesting for agriculture in the dry areas
Gardado en:
| Autor Principal: | |
|---|---|
| Formato: | Libro |
| Idioma: | inglés |
| Publicado: |
CRC Press/Balkema
2012
|
| Tags: |
Engadir etiqueta
Sen Etiquetas, Sexa o primeiro en etiquetar este rexistro!
|
MARC
| LEADER | 00000nam a22000007a 4500 | ||
|---|---|---|---|
| 008 | 201214b ||||| |||| 00| 0 eng d | ||
| 020 | |a 978-0-415-62114-4 | ||
| 100 | |a OWEIS, Theib Y |a Prinz, Dieter |a Hachum, Ahmed Y. | ||
| 245 | |a Rainwater harvesting for agriculture in the dry areas |c Theib Y. Oweis, Dieter Prinz [and] Ahmed Y. Hachum |g xviii, 262p.; ill. | ||
| 260 | |b CRC Press/Balkema |c 2012 |h Leiden, The Netherlands |i 689909 |l S619 .R13Ow2 |m Water harvesting. |m Rainwater. |m Arid regions agriculture |m Water-supply, Agriculture. | ||
| 500 | |a It includes references, color plates and index | ||
| 942 | |a lcc |c BK |e Kuteyi, M. A. |f 14/12/2020 | ||
| 952 | |0 0 |1 0 |2 lcc |4 0 |6 S0619 R13 O W2 |7 0 |9 417 |a HOL |b HOL |c QZ |d 2020-12-14 |l 0 |o S619 .R13Ow2 |p 2020-2148 |r 2020-12-14 00:00:00 |w 2020-12-14 |y BK | ||
| 999 | |c 207 |d 207 | ||